Oceňovanie záväzkov a navrhované zmeny v platných Medzinárodných štandardoch pre finančné vykazovanie

O návrhu na zmenu v oceňovaní záväzkov a zároveň možnosti vydania nového IFRS, ktorý by nahradil existujúce znenia v IAS 37 Rezervy, podmienené záväzky a podmienené aktíva. Prehľad IFRS s nadväznosťou na IAS 37.

Gespeichert in:
Bibliographische Detailangaben
1. Verfasser: Mokošová, Daša, 1979-
Format: Buchkapitel
Sprache:Slowakisch
Schlagworte:
Tags: Tag hinzufügen
Keine Tags, Fügen Sie das erste Tag hinzu!

MARC

LEADER 00000naa$a2200000$$$4500
001 0113953
005 20240502072252.3
041 0 |a slo 
044 |a SK 
245 1 0 |a Oceňovanie záväzkov a navrhované zmeny v platných Medzinárodných štandardoch pre finančné vykazovanie  |c Daša Mokošová 
520 |a O návrhu na zmenu v oceňovaní záväzkov a zároveň možnosti vydania nového IFRS, ktorý by nahradil existujúce znenia v IAS 37 Rezervy, podmienené záväzky a podmienené aktíva. Prehľad IFRS s nadväznosťou na IAS 37. 
610 2 0 |a štandardy ohodnocovacie medzinárodné 
610 2 0 |a štandardy účtovné medzinárodné 
610 2 0 |a IFRS 
100 1 |a Mokošová, Daša, 1979-